[Event "Oberliga Bayern 1516"]
[Site "Bayern"]
[Date "2016.03.13"]
[Round "8.6"]
[White "Klimpel, Thomas"]
[Black "Liepold, Stefan"]
[Result "0-1"]
[WhiteElo "2014"]
[BlackElo "2164"]
[PlyCount "156"]
[EventDate "2015.10.11"]
[EventType "team-tourn"]
[EventRounds "9"]
[EventCountry "GER"]
[SourceTitle "OM OTB B 201907"]
[Source "Opening Master"]
[SourceDate "2019.07.06"]
[SourceVersion "2"]
[SourceVersionDate "2019.07.06"]
[SourceQuality "1"]
[WhiteTeam "Kareth-Lappersdorf"]
[BlackTeam "Erlangen SC"]
[WhiteTeamCountry "GER"]
[BlackTeamCountry "GER"]

1. e4 c5 2. Nf3 d6 3. d4 Nf6 4. Nc3 cxd4 5. Nxd4 Nc6 6. Be2 e5 7. Nb3 Be7 8. f3
Be6 9. Nd5 O-O 10. c4 Ne8 11. Be3 Bg5 12. Bf2 f5 13. h4 Be7 14. Nxe7+ Qxe7 15.
Nd2 f4 16. Rc1 b6 17. Nb1 Nf6 18. Nc3 Nh5 19. Nd5 Qf7 20. Bd3 Ng3 21. Rh2 Rac8
22. Qd2 Bxd5 23. exd5 Nd4 24. Rh3 Ngf5 25. h5 b5 26. b3 bxc4 27. bxc4 Qe7 28.
Be4 Qg5 29. g4 Ne3 30. Qd3 h6 31. Kd2 Qd8 32. Bxe3 fxe3+ 33. Qxe3 Qa5+ 34. Kd1
Qa4+ 35. Ke1 Rxc4 36. Rxc4 Qxc4 37. Rh2 Qb4+ 38. Kf2 Nxf3 39. Bxf3 e4 40. Rh3
Qb2+ 41. Kg1 exf3 42. Rxf3 Qb1+ 43. Kg2 Qxa2+ 44. Kg3 Rxf3+ 45. Qxf3 Qa1 46.
Qb3 Qe5+ 47. Kf3 Qf6+ 48. Kg3 Qe7 49. Qb8+ Kf7 50. Qb3 a5 51. Qc4 Qe1+ 52. Kf3
Qb4 53. Qc7+ Kf6 54. Qd8+ Ke5 55. Qe7+ Kxd5 56. Qxg7 Qe4+ 57. Kf2 Qf4+ 58. Kg2
a4 59. g5 Qg4+ 60. Kf2 Qh4+ 61. Kg2 Qg4+ 62. Kf2 Qf5+ 63. Kg2 Qc2+ 64. Kf3 Qd3+
65. Kf2 a3 66. gxh6 Qd2+ 67. Kf3 Qd1+ 68. Kf4 Qf1+ 69. Ke3 Qe1+ 70. Kd3 Qb1+
71. Kd2 a2 72. h7 Qb4+ 73. Ke3 Qe1+ 74. Kf3 a1=Q 75. Qg8+ Kc5 76. h8=Q Qf1+ 77.
Kg4 Qg2+ 78. Kf5 Qaf1+ 0-1

[Event "FICS rated standard game"]
[Site "FICS freechess.org"]
[Date "2016.03.13"]
[Round "?"]
[White "Lillestroem"]
[Black "Anusopati"]
[Result "1-0"]
[WhiteElo "2310"]
[BlackElo "2191"]
[PlyCount "107"]
[EventDate "2016.??.??"]

1. e4 c5 2. Nf3 d6 3. Be2 Nc6 4. d4 cxd4 5. Nxd4 Nf6 6. Nc3 e5 7. Nb3 Be7 8.
O-O O-O 9. Be3 Be6 10. f3 d5 11. exd5 Bxd5 12. Qe1 Nb4 13. Rc1 Qd7 14. Qg3 Qf5
15. Bc5 Bxc5+ 16. Nxc5 Nh5 17. Qf2 Bc6 18. a3 Nd5 19. g4 Qg5 20. h4 Qg6 21. Bd3
f5 22. Nxd5 Bxd5 23. Nd7 Nf4 24. Nxf8 Rxf8 25. Qc5 b6 26. Qe7 Nxd3 27. cxd3
fxg4 28. h5 Qxd3 29. Qxe5 Bc4 30. h6 gxh6 31. Rf2 b5 32. Re1 gxf3 33. Kh2 Rf7
34. Qe8+ Kg7 35. Rg1+ Kf6 36. Qc6+ Ke5 37. Re1+ Kf4 38. Qxh6+ Kg4 39. Rg1+ Kf5
40. Rd2 Qxd2+ 41. Qxd2 Ke6 42. Qe3+ Kd6 43. Rd1+ Kc6 44. Qe4+ Kc7 45. Qe5+ Kb7
46. Rd6 Rc7 47. Qe4+ Kb8 48. Rd8+ Rc8 49. Qe5+ Kb7 50. Rd7+ Kb6 51. b4 h6 52.
Qd6+ Rc6 53. Qb8+ Ka6 54. Rxa7# 1-0

[Event "FICS rated blitz game"]
[Site "FICS freechess.org"]
[Date "2016.03.12"]
[Round "?"]
[White "BertaCCT"]
[Black "Lurking"]
[Result "0-1"]
[WhiteElo "2409"]
[BlackElo "2487"]
[PlyCount "180"]
[EventDate "2016.??.??"]
[EventType "blitz"]

1. e4 c5 2. Nf3 d6 3. d4 cxd4 4. Nxd4 Nf6 5. Nc3 Nc6 6. Be2 e5 7. Nf3 h6 8. O-O
Be7 9. Bc4 O-O 10. Bb3 Na5 11. Qd3 Nxb3 12. axb3 a6 13. Rd1 Be6 14. Ne1 b5 15.
b4 a5 16. Nd5 Nxd5 17. exd5 Bd7 18. bxa5 Rxa5 19. Bd2 Ra4 20. b3 Ra8 21. Rxa8
Qxa8 22. Qg3 Kh8 23. Bb4 Bf5 24. Qc3 Rc8 25. Qf3 Bg6 26. Qg4 Qb7 27. Ra1 Rd8
28. Qf3 f5 29. Ra5 e4 30. Qe2 Rb8 31. Qe3 Qxd5 32. Qa7 Re8 33. Qb6 f4 34. Qxb5
Qd4 35. Qc4 Qxc4 36. bxc4 Bf7 37. c5 dxc5 38. Bxc5 Bf6 39. Ra4 Bc3 40. Bb4 Be5
41. Bc5 Bb8 42. Bd4 Kg8 43. Ra8 Bd5 44. Ra4 Rc8 45. Ra5 Rd8 46. c3 Bc4 47. Ra4
Rc8 48. Ra8 Rf8 49. Ra4 Bb5 50. Rb4 Bc6 51. Rb6 Bd5 52. Rb5 Ba8 53. f3 e3 54.
Kf1 Bc6 55. Rc5 Bb7 56. Ra5 Rd8 57. Nd3 g5 58. Nc5 Bd5 59. Ne4 Kf7 60. Ke1 Be6
61. Ra6 Rd5 62. Rb6 Bc7 63. Rb7 Rd7 64. Nf6 Re7 65. Rb5 Bd6 66. Ng4 Bxg4 67.
fxg4 Re8 68. g3 Ra8 69. gxf4 gxf4 70. Rh5 Ra2 71. Rxh6 Be7 72. Rh7+ Ke6 73.
Rh6+ Kd5 74. Rh7 Ba3 75. Bxe3 fxe3 76. g5 Bd6 77. g6 Ke4 78. Rh4+ Bf4 79. Rh7
Be5 80. Kf1 Bxh2 81. Re7+ Kf3 82. Rxe3+ Kxe3 83. g7 Rf2+ 84. Ke1 Rg2 85. Kd1
Kd3 86. Kc1 Bf4+ 87. Kb1 Kxc3 88. g8=Q Rxg8 89. Ka2 Rg1 90. Ka3 Ra1# 0-1

[Event "HUN-chT2 Erkel 1516"]
[Site "Hungary"]
[Date "2016.02.28"]
[Round "8.5"]
[White "Huszar, Mark"]
[Black "Sugar, Karoly"]
[Result "1/2-1/2"]
[WhiteElo "1899"]
[BlackElo "2169"]
[PlyCount "26"]
[EventDate "2015.09.13"]
[EventType "team-tourn"]
[EventRounds "11"]
[EventCountry "HUN"]
[SourceTitle "OM OTB B 201907"]
[Source "Opening Master"]
[SourceDate "2019.07.06"]
[SourceVersion "2"]
[SourceVersionDate "2019.07.06"]
[SourceQuality "1"]

1. e4 c5 2. Nf3 Nc6 3. d4 cxd4 4. Nxd4 Nf6 5. Nc3 d6 6. Be2 e5 7. Nb3 Be7 8.
Be3 O-O 9. Qd2 a5 10. O-O a4 11. Nc1 a3 12. Rb1 Qa5 13. Nb3 Qb4 1/2-1/2

[Event "HUN-chT2 Szechenyi 1516"]
[Site "Hungary"]
[Date "2016.02.28"]
[Round "8.3"]
[White "Kutas, Lajos Jr"]
[Black "Rezsek, Gyozo"]
[Result "1/2-1/2"]
[WhiteElo "1783"]
[BlackElo "2013"]
[PlyCount "31"]
[EventDate "2015.09.13"]
[EventType "team-tourn"]
[EventRounds "11"]
[EventCountry "HUN"]
[SourceTitle "OM OTB B 201907"]
[Source "Opening Master"]
[SourceDate "2019.07.06"]
[SourceVersion "2"]
[SourceVersionDate "2019.07.06"]
[SourceQuality "1"]

1. e4 c5 2. Nf3 Nc6 3. Nc3 d6 4. d4 cxd4 5. Nxd4 Nf6 6. Be2 e5 7. Nb3 Be7 8.
O-O O-O 9. Be3 a5 10. a4 Nb4 11. Nd5 Nfxd5 12. exd5 Bf5 13. Rc1 Na2 14. Ra1 Nb4
15. Rc1 Na2 16. Ra1 1/2-1/2

[Event "Catalunya-chT Gp2"]
[Site "Barcelona"]
[Date "2016.02.27"]
[Round "6.2"]
[White "Perpinya Rofes, Lluis Maria"]
[Black "Baches Garcia, Guillermo"]
[Result "1/2-1/2"]
[WhiteElo "2386"]
[BlackElo "2346"]
[PlyCount "31"]
[EventDate "2016.01.23"]
[EventType "team-tourn"]
[EventRounds "7"]
[EventCountry "ESP"]
[SourceTitle "OM OTB B 201907"]
[Source "Opening Master"]
[SourceDate "2019.07.06"]
[SourceVersion "2"]
[SourceVersionDate "2019.07.06"]
[SourceQuality "1"]

1. e4 c5 2. Nf3 d6 3. d4 cxd4 4. Nxd4 Nf6 5. Nc3 Nc6 6. Be2 e5 7. Nf3 Be7 8.
Bg5 Be6 9. Bxf6 Bxf6 10. O-O O-O 11. Nd5 Be7 12. c3 Qd7 13. Qd3 f5 14. Nd2 Rae8
15. Bf3 Kh8 16. exf5 1/2-1/2

[Event "AUT-chT (Women) 1516"]
[Site "Austria"]
[Date "2016.02.26"]
[Round "4.1"]
[White "Landl, Margot"]
[Black "Novkovic, Julia"]
[Result "0-1"]
[WhiteElo "1881"]
[BlackElo "2146"]
[PlyCount "82"]
[EventDate "2015.11.06"]
[EventType "team-swiss"]
[EventRounds "7"]
[EventCountry "AUT"]
[SourceTitle "OM OTB B 201907"]
[Source "Opening Master"]
[SourceDate "2019.07.06"]
[SourceVersion "2"]
[SourceVersionDate "2019.07.06"]
[SourceQuality "1"]

1. e4 c5 2. Nf3 Nc6 3. d4 cxd4 4. Nxd4 Nf6 5. Nc3 d6 6. Be2 e5 7. Nf3 h6 8. O-O
Be7 9. Re1 O-O 10. h3 Be6 11. Be3 a6 12. a4 Rc8 13. Bf1 Re8 14. Nd5 Nd7 15. Qd2
Bf8 16. c4 Nc5 17. Qc2 Bxd5 18. exd5 Nb4 19. Qd1 a5 20. Ra3 b6 21. Nh2 f5 22.
Be2 g6 23. Bxc5 bxc5 24. Rg3 Kh7 25. Rb3 Bg7 26. Kh1 e4 27. g4 f4 28. f3 e3 29.
Bf1 Bf6 30. Re2 Qd7 31. Ra3 Bh4 32. b3 Bf6 33. g5 Bxg5 34. Ra1 Qf5 35. Rg2 Bf6
36. Rc1 h5 37. Qe2 Kh6 38. Qe1 g5 39. Rd1 Ra8 40. Qe2 Rg8 41. Rg1 Qc2 0-1

[Event "Pocos de Caldas op"]
[Site "Pocos de Caldas"]
[Date "2016.02.26"]
[Round "2"]
[White "Trombini, Fabio"]
[Black "Crespo de Oliveira, Lucas"]
[Result "0-1"]
[WhiteElo "1924"]
[BlackElo "2182"]
[PlyCount "114"]
[EventDate "2016.02.26"]
[EventType "swiss"]
[EventRounds "6"]
[EventCountry "BRA"]
[SourceTitle "OM OTB B 201907"]
[Source "Opening Master"]
[SourceDate "2019.07.06"]
[SourceVersion "2"]
[SourceVersionDate "2019.07.06"]
[SourceQuality "1"]

1. e4 c5 2. Nf3 d6 3. d4 cxd4 4. Nxd4 Nf6 5. Nc3 Nc6 6. Be2 e5 7. Nb3 Be7 8.
O-O O-O 9. Be3 Be6 10. Qd2 a5 11. a4 h6 12. Kh1 Nb4 13. f4 Rc8 14. Bf3 Qc7 15.
Qf2 Nd7 16. f5 Bc4 17. Rfd1 b6 18. Rac1 Nc5 19. Nxc5 dxc5 20. Nd5 Nxd5 21. exd5
e4 22. Bxe4 Qe5 23. Bf3 Bd6 24. Qg3 Qxg3 25. hxg3 Bxg3 26. b3 Ba6 27. c4 Rcd8
28. Bg1 Bc8 29. Be4 Rfe8 30. Bd3 Rd6 31. Bh2 Bxh2 32. Kxh2 Rf6 33. Re1 Kf8 34.
g4 g6 35. Rxe8+ Kxe8 36. Rf1 Ke7 37. Kg3 g5 38. Re1+ Kf8 39. Re5 Rd6 40. Re1
Rd8 41. Rh1 Rd6 42. Kf3 Kg7 43. Ke4 f6 44. Kf3 Rd8 45. Re1 Kf7 46. Rh1 Rh8 47.
Re1 h5 48. gxh5 Rxh5 49. Rg1 Rh3+ 50. Rg3 Rh4 51. Rg4 Rh3+ 52. Rg3 Rh1 53. Ke4
Re1+ 54. Re3 Bxf5+ 55. Kf3 Bg4+ 56. Kf2 Rxe3 57. Kxe3 Bd1 0-1

[Event "MGL-ch (Women) 48th"]
[Site "Uliastai"]
[Date "2016.02.21"]
[Round "8"]
[White "Munkhzul, Turmunkh"]
[Black "Batchimeg, Tuvshintugs"]
[Result "0-1"]
[WhiteElo "1766"]
[BlackElo "2395"]
[PlyCount "60"]
[EventDate "2016.02.16"]
[EventType "tourn"]
[EventRounds "11"]
[EventCountry "MGL"]
[SourceTitle "OM OTB B 201907"]
[Source "Opening Master"]
[SourceDate "2019.07.06"]
[SourceVersion "2"]
[SourceVersionDate "2019.07.06"]
[SourceQuality "1"]

1. e4 c5 2. Nf3 Nc6 3. d4 cxd4 4. Nxd4 Nf6 5. Nc3 d6 6. Be2 e5 7. Nb3 Be7 8.
Be3 Be6 9. O-O O-O 10. Qd2 a6 11. Rad1 Rc8 12. Kh1 b5 13. a3 Qc7 14. Bg5 h6 15.
Bxf6 Bxf6 16. Qxd6 Nd4 17. Qxc7 Rxc7 18. Bd3 Nxb3 19. cxb3 Bxb3 20. Nd5 Rcc8
21. Rc1 Bg5 22. Rc7 Rxc7 23. Nxc7 Rd8 24. Be2 Rd2 25. Re1 Rxb2 26. Nxa6 Bc4 27.
Bxc4 bxc4 28. Nb4 Bd2 29. Rd1 Bxb4 30. axb4 c3 0-1

[Event "GRB-ch Universities"]
[Site "Birmingham"]
[Date "2016.02.21"]
[Round "5.2"]
[White "Craft, Isaac"]
[Black "Grant, David J"]
[Result "0-1"]
[WhiteElo "2037"]
[BlackElo "2085"]
[PlyCount "116"]
[EventDate "2016.02.20"]
[EventType "team-swiss"]
[EventRounds "5"]
[EventCountry "ENG"]
[SourceTitle "OM OTB B 201907"]
[Source "Opening Master"]
[SourceDate "2019.07.06"]
[SourceVersion "2"]
[SourceVersionDate "2019.07.06"]
[SourceQuality "1"]

1. e4 c5 2. Nf3 d6 3. d4 cxd4 4. Nxd4 Nf6 5. Nc3 Nc6 6. Be2 e5 7. Nb3 Be7 8.
O-O O-O 9. Bg5 Nxe4 10. Nxe4 Bxg5 11. Qxd6 Be7 12. Qd1 b6 13. Nc3 Be6 14. Bf3
Rc8 15. Re1 Bd6 16. Bd5 Qe7 17. Bxe6 Qxe6 18. Qe2 f5 19. Rad1 Rf6 20. Nd5 Rh6
21. g3 Kh8 22. Ne3 Qf7 23. Qf3 Rf6 24. Nd5 Rh6 25. c3 Rf8 26. Nb4 e4 27. Rxe4
Bxb4 28. Rxb4 Nxb4 29. cxb4 Rf6 30. Rd5 f4 31. g4 Rg6 32. h3 h6 33. Nd4 Rg5 34.
Nf5 Qe6 35. Kh2 h5 36. Qxf4 Rxg4 37. hxg4 Qxd5 38. Qg5 Qe5+ 39. f4 Qe2+ 40. Kg3
Qxg4+ 41. Qxg4 hxg4 42. Kxg4 Rd8 43. Ne7 Rd2 44. Nc6 Rxb2 45. a3 a6 46. Ne5 Rb3
47. Nd7 b5 48. Nb8 Rxa3 49. Nc6 Rc3 50. Nb8 Rc4 51. Nxa6 Kg8 52. Kf5 Kf7 53.
Ke5 Rc1 54. Nb8 g6 55. f5 Re1+ 56. Kd5 gxf5 57. Nc6 f4 58. Na7 f3 0-1

[Event "HUN-chT2 Charousek 1516"]
[Site "Hungary"]
[Date "2016.02.14"]
[Round "5.9"]
[White "Hitter, Gabriela"]
[Black "Safran, Ferenc"]
[Result "1-0"]
[WhiteElo "2040"]
[BlackElo "2040"]
[PlyCount "101"]
[EventDate "2015.10.18"]
[EventType "team-tourn"]
[EventRounds "9"]
[EventCountry "HUN"]
[SourceTitle "OM OTB B 201907"]
[Source "Opening Master"]
[SourceDate "2019.07.06"]
[SourceVersion "2"]
[SourceVersionDate "2019.07.06"]
[SourceQuality "1"]

1. e4 c5 2. Nf3 Nc6 3. d4 cxd4 4. Nxd4 Nf6 5. Nc3 d6 6. Be2 e5 7. Nb3 Be6 8.
Bg5 Be7 9. O-O a6 10. Qd2 b5 11. Rad1 O-O 12. Bxf6 gxf6 13. Nd5 Bxd5 14. exd5
Nb8 15. Qh6 Qc8 16. Rd3 Kh8 17. Bg4 Qxg4 18. Rg3 Qg6 19. Rxg6 fxg6 20. f4 Nd7
21. Rf3 a5 22. Rh3 Rf7 23. Qxg6 Rg7 24. Qf5 Nf8 25. Rc3 a4 26. Nd2 Ng6 27. Rc8+
Rxc8 28. Qxc8+ Rg8 29. Qb7 Nxf4 30. g3 Bf8 31. Qxb5 f5 32. Kf1 Nh5 33. Qe8 Nf6
34. Qe6 Ng4 35. h4 Ne3+ 36. Kf2 Ng4+ 37. Ke2 f4 38. gxf4 exf4 39. Nf3 Ne3 40.
Ng5 h6 41. Qf6+ Bg7 42. Nf7+ Kh7 43. Qxf4 Re8 44. Kd3 Ng2 45. Qf5+ Kg8 46. Nxd6
Rf8 47. Qe6+ Kh8 48. Nf7+ Kh7 49. Qe4+ Kg8 50. Nxh6+ Bxh6 51. Qxg2+ 1-0

[Event "Graz op-A"]
[Site "Graz"]
[Date "2016.02.14"]
[Round "4"]
[White "Kopinits, Anna Christina"]
[Black "Szabo, Bence"]
[Result "0-1"]
[WhiteElo "2275"]
[BlackElo "2388"]
[PlyCount "68"]
[EventDate "2016.02.12"]
[EventType "swiss"]
[EventRounds "9"]
[EventCountry "AUT"]
[SourceTitle "OM OTB B 201907"]
[Source "Opening Master"]
[SourceDate "2019.07.06"]
[SourceVersion "2"]
[SourceVersionDate "2019.07.06"]
[SourceQuality "1"]

1. e4 c5 2. Nf3 d6 3. d4 cxd4 4. Nxd4 Nf6 5. Nc3 Nc6 6. Be2 e5 7. Nb3 h6 8. O-O
Be7 9. Be3 O-O 10. Qd2 Be6 11. Bf3 a6 12. Rfd1 Rc8 13. Rac1 Nb8 14. a4 b6 15.
Be2 Re8 16. f3 Qc7 17. Bf1 Qb7 18. Nd5 Nxd5 19. exd5 Bf5 20. c4 a5 21. Na1 Nd7
22. b4 Ra8 23. Nb3 axb4 24. Qxb4 Qc7 25. Ra1 Reb8 26. Qc3 Nc5 27. a5 bxa5 28.
Bxc5 dxc5 29. Rxa5 Rxa5 30. Qxa5 Qd6 31. Qc3 Bf6 32. Qe3 Bc2 33. Qxc5 Qxc5+ 34.
Nxc5 Bxd1 0-1

[Event "SVK-chT2D 1516"]
[Site "Slovakia"]
[Date "2016.02.13"]
[Round "8.3"]
[White "Vrabel, Michal"]
[Black "Cisko, Matej"]
[Result "1-0"]
[WhiteElo "2062"]
[BlackElo "2002"]
[PlyCount "45"]
[EventDate "2015.10.17"]
[EventType "team-tourn"]
[EventRounds "11"]
[EventCountry "SVK"]
[SourceTitle "OM OTB B 201907"]
[Source "Opening Master"]
[SourceDate "2019.07.06"]
[SourceVersion "2"]
[SourceVersionDate "2019.07.06"]
[SourceQuality "1"]

1. e4 c5 2. Nf3 Nc6 3. d4 cxd4 4. Nxd4 Nf6 5. Nc3 d6 6. Be2 e5 7. Nb3 a5 8. Be3
a4 9. Nd2 a3 10. O-O axb2 11. Rb1 Qa5 12. Nb5 Be6 13. Rxb2 d5 14. exd5 Nxd5 15.
Nc4 Nxe3 16. fxe3 Bxc4 17. Bxc4 Nd8 18. Qh5 Ra6 19. Bxf7+ Kd7 20. Qf5+ Ne6 21.
Qxe5 Qb6 22. Rd1+ Kc8 23. Bxe6+ 1-0

[Event "Southwest Class-ch 7th"]
[Site "Dallas"]
[Date "2016.02.12"]
[Round "3"]
[White "Peng, David T"]
[Black "Kelly, Joey M"]
[Result "1-0"]
[WhiteElo "2256"]
[BlackElo "2016"]
[PlyCount "59"]
[EventDate "2016.02.11"]
[EventType "swiss"]
[EventRounds "9"]
[EventCountry "USA"]
[SourceTitle "OM OTB B 201907"]
[Source "Opening Master"]
[SourceDate "2019.07.06"]
[SourceVersion "2"]
[SourceVersionDate "2019.07.06"]
[SourceQuality "1"]

1. e4 c5 2. Nf3 d6 3. d4 cxd4 4. Nxd4 Nf6 5. Nc3 Nc6 6. Be2 e5 7. Nb3 Be7 8.
O-O O-O 9. Be3 a5 10. a4 Nb4 11. Nd5 Nxe4 12. Bb6 Qd7 13. Bb5 Nc6 14. Nxa5 Bf6
15. Qe2 Ng5 16. f4 Ne6 17. fxe5 Bd8 18. Bxd8 Qxd8 19. Nxc6 bxc6 20. Bxc6 Rb8
21. Rad1 Rxb2 22. Qf3 Rb8 23. exd6 Kh8 24. Nf4 Qb6+ 25. Kh1 Nc5 26. Nh5 f6 27.
Qg3 Rg8 28. Bd5 Be6 29. Nf4 Bxd5 30. Ng6+ 1-0

[Event "Ch Iran (team)"]
[Site "Iran"]
[Date "2016.02.09"]
[Round "8"]
[White "Momenzadeh Mehdi (IRI)"]
[Black "Javanbakht Nima (IRI)"]
[Result "0-1"]
[WhiteElo "2016"]
[BlackElo "2422"]
[PlyCount "66"]
[EventDate "2016.??.??"]
[EventType "swiss"]
[EventRounds "10"]
[SourceTitle "OM OTB B 201907"]
[Source "Opening Master"]
[SourceDate "2019.07.06"]
[SourceVersion "2"]
[SourceVersionDate "2019.07.06"]
[SourceQuality "1"]

1. e4 c5 2. Nf3 d6 3. d4 cxd4 4. Nxd4 Nf6 5. Nc3 Nc6 6. Be2 e5 7. Nf3 h6 8. h3
Be7 9. O-O O-O 10. Re1 Be6 11. Bf1 Nb8 12. Nd5 Nxd5 13. exd5 Bf5 14. c4 Nd7 15.
Be3 a5 16. b3 Bh7 17. a3 f5 18. b4 Bf6 19. Rc1 axb4 20. axb4 f4 21. Bd2 e4 22.
Nh2 Bb2 23. Rc2 Be5 24. Ng4 e3 25. fxe3 Bxc2 26. Qxc2 f3 27. gxf3 h5 28. Nf2
Qg5+ 29. Bg2 Rxf3 30. Qe4 Raf8 31. Re2 Qg3 32. Be1 Qh2+ 33. Kf1 Rg3 0-1

[Event "Porlamar Margarita Village"]
[Site "Porlamar"]
[Date "2016.02.04"]
[Round "2.3"]
[White "Teran Abreu, Lisyender Jesus"]
[Black "Sosa, Tomas1"]
[Result "1/2-1/2"]
[WhiteElo "2164"]
[BlackElo "2422"]
[PlyCount "53"]
[EventDate "2016.02.03"]
[EventType "tourn"]
[EventRounds "9"]
[EventCountry "VEN"]
[SourceTitle "OM OTB B 201907"]
[Source "Opening Master"]
[SourceDate "2019.07.06"]
[SourceVersion "2"]
[SourceVersionDate "2019.07.06"]
[SourceQuality "1"]

1. e4 c5 2. Nf3 Nc6 3. d4 cxd4 4. Nxd4 Nf6 5. Nc3 d6 6. Be2 e5 7. Nb3 Be7 8.
O-O O-O 9. f4 a5 10. a4 Nb4 11. Kh1 Bd7 12. Bf3 Qc7 13. Be3 Rfe8 14. Qe2 Bc6
15. Qf2 Qc8 16. fxe5 dxe5 17. Bb6 Bd8 18. Be3 Rb8 19. Ba7 Ra8 20. Be3 Qc7 21.
Rad1 Rb8 22. Bc5 Rc8 23. Bd6 Qb6 24. Bc5 Qc7 25. Bd6 Qb6 26. Bc5 Qc7 27. Bd6
1/2-1/2

[Event "Moscow op-B (Women)"]
[Site "Moscow"]
[Date "2016.02.02"]
[Round "4"]
[White "Borisova, Polina I"]
[Black "Borisova, Ekaterina"]
[Result "1/2-1/2"]
[WhiteElo "1767"]
[BlackElo "2080"]
[PlyCount "193"]
[EventDate "2016.01.30"]
[EventType "swiss"]
[EventRounds "9"]
[EventCountry "RUS"]
[SourceTitle "OM OTB B 201907"]
[Source "Opening Master"]
[SourceDate "2019.07.06"]
[SourceVersion "2"]
[SourceVersionDate "2019.07.06"]
[SourceQuality "1"]

1. e4 c5 2. Nf3 d6 3. d4 Nf6 4. Nc3 cxd4 5. Nxd4 Nc6 6. Be2 e5 7. Nxc6 bxc6 8.
O-O Be7 9. Kh1 O-O 10. f4 Qb6 11. Qe1 Kh8 12. Qg3 Nd7 13. f5 Ba6 14. Bxa6 Qxa6
15. Bg5 f6 16. Bd2 Qb7 17. b3 d5 18. Qh4 Rfd8 19. Rf3 Bb4 20. Rd1 Nf8 21. Rd3
Bxc3 22. Bxc3 d4 23. Ba5 Rdc8 24. c4 Qa6 25. Qe1 Rab8 26. Qd2 Nd7 27. Bb4 Qb6
28. Ba3 Qa6 29. Bb4 Rb7 30. a4 Qb6 31. Ba3 Rcb8 32. Bd6 Rc8 33. Ba3 Nc5 34.
Bxc5 Qxc5 35. Qc2 Rb4 36. Rf1 Qa5 37. Kg1 Qc5 38. Rff3 Rcb8 39. Rf1 Kg8 40. Kh1
Kf7 41. h3 Ke7 42. Rff3 Kd6 43. Rg3 R8b7 44. Kh2 a5 45. Qe2 Re7 46. Rgf3 Qa7
47. g4 h6 48. h4 Qb8 49. h5 Reb7 50. Qc2 c5 51. Kh3 R7b6 52. Rg3 Qb7 53. Rdf3
Kc7 54. Kh4 Kc8 55. Kh3 Rd6 56. Qe2 Rd7 57. Rd3 Qc6 58. Kh4 Rdb7 59. Kh3 R7b6
60. Kh4 Qb7 61. Qf3 Rd6 62. Kh3 Rd8 63. Kh4 Rb6 64. Qe2 Rbd6 65. Qe1 Ra6 66.
Rgf3 Qe7 67. Kh3 Rh8 68. Qd2 Qd8 69. Kg3 Ra7 70. Kh3 Rb7 71. Kg3 Kd7 72. Kh3
Rb4 73. Rg3 Kc6 74. Rgf3 Qe7 75. Rg3 Rhb8 76. Qe2 R8b6 77. Qf3 Kd6 78. Qe2 Kd7
79. Qf3 Ke8 80. Qe2 Kf7 81. Qf3 Rb8 82. Qe2 R4b7 83. Qf3 Qc7 84. Qe2 Qb6 85.
Qe1 Qc7 86. Rgf3 Ke7 87. Kh4 Rb4 88. Rg3 Kd6 89. Kh3 R8b6 90. Qe2 Rc6 91. Qf3
Rb8 92. Qe2 Qb6 93. Qe1 Rbc8 94. Rgf3 Qb4 95. Qc1 Ke7 96. Kg3 Kf7 97. Kh3
1/2-1/2

[Event "FICS rated standard game"]
[Site "FICS freechess.org"]
[Date "2016.02.02"]
[Round "?"]
[White "sentiger"]
[Black "GriffyJr"]
[Result "0-1"]
[WhiteElo "2010"]
[BlackElo "2026"]
[PlyCount "34"]
[EventDate "2016.??.??"]

1. e4 c5 2. Nf3 Nc6 3. d4 cxd4 4. Nxd4 Nf6 5. Nc3 d6 6. Be2 e5 7. Nb3 Be7 8.
Be3 O-O 9. Qd2 a5 10. a4 Nb4 11. Bc4 Qc7 12. Nd5 Nfxd5 13. Bxd5 Nxc2+ 14. Ke2
Nxa1 15. Nxa1 Qd7 16. b3 Qg4+ 17. Kd3 Qxg2 0-1

[Event "Gora Sw Anny op 9th"]
[Site "Gora Sw Anny"]
[Date "2016.02.01"]
[Round "1"]
[White "Kovchan, Alexander"]
[Black "Piotrowski, Przemyslaw"]
[Result "1-0"]
[WhiteElo "2596"]
[BlackElo "2205"]
[PlyCount "73"]
[EventDate "2016.02.01"]
[EventType "swiss"]
[EventRounds "10"]
[EventCountry "POL"]
[SourceTitle "OM OTB B 201907"]
[Source "Opening Master"]
[SourceDate "2019.07.06"]
[SourceVersion "2"]
[SourceVersionDate "2019.07.06"]
[SourceQuality "1"]

1. e4 c5 2. Nf3 d6 3. d4 cxd4 4. Nxd4 Nf6 5. Nc3 Nc6 6. Be2 e5 7. Nf3 h6 8. O-O
Be7 9. Re1 O-O 10. h3 Be6 11. Bf1 Nh7 12. Nd5 Ng5 13. Nxe7+ Qxe7 14. Nxg5 hxg5
15. c4 g6 16. Qd2 f6 17. b3 Rad8 18. Ba3 Rd7 19. Rad1 Nd4 20. Bb2 Nc6 21. Ba3
Nd4 22. Re3 f5 23. exf5 Rxf5 24. Bd3 Qg7 25. Rg3 g4 26. Rxg4 Rf6 27. Rg3 d5 28.
cxd5 Bxd5 29. Qe3 Rc6 30. Bb2 Bf7 31. Re1 Re6 32. Qg5 e4 33. Bc4 Re8 34. Qxg6
Qxg6 35. Rxg6+ Kh7 36. Bxf7 Rxf7 37. Rg4 1-0

[Event "FICS rated standard game"]
[Site "FICS freechess.org"]
[Date "2016.02.01"]
[Round "?"]
[White "sentiger"]
[Black "GriffyJr"]
[Result "0-1"]
[WhiteElo "2025"]
[BlackElo "2031"]
[PlyCount "108"]
[EventDate "2016.??.??"]

1. e4 c5 2. Nf3 d6 3. d4 cxd4 4. Nxd4 Nf6 5. Nc3 Nc6 6. Be2 e5 7. Nb3 Be7 8.
Bg5 Be6 9. Qd3 h6 10. Bxf6 Bxf6 11. O-O-O Bh4 12. g3 Bg5+ 13. Kb1 Bxb3 14. axb3
Nd4 15. f4 Bf6 16. Nd5 O-O 17. c3 Nxe2 18. Qxe2 Rc8 19. Qd3 exf4 20. gxf4 Re8
21. Rhg1 g6 22. e5 dxe5 23. Rxg6+ fxg6 24. Qxg6+ Bg7 25. Rg1 Re7 26. Nf6+ Kf8
27. Qh7 Rf7 28. Qg8+ Ke7 29. Nd5+ Qxd5 30. Qxc8 exf4 31. Qc7+ Ke6 32. Re1+ Be5
33. Qc8+ Ke7 34. Qc7+ Ke6 35. Qc8+ Ke7 36. Qc7+ Kf6 37. Qc8 f3 38. Qh8+ Kf5 39.
Qxh6 f2 40. Qh5+ Ke6 41. Qh3+ Kd6 42. Rf1 Rf3 43. Qh6+ Kc5 44. b4+ Kc4 45. Ka2
Rf7 46. Ka3 Qc6 47. b3+ Kd3 48. Rd1+ Ke4 49. Qh4+ Rf4 50. Qh7+ Rf5 51. Qh4+ Ke3
52. Qh3+ Rf3 53. Qf1 Bxc3 54. Rd3+ Ke4 0-1

[Event "Manavgat Turkey Cup"]
[Site "Manavgat"]
[Date "2016.01.31"]
[Round "2"]
[White "Bayav, Secahattin"]
[Black "Demircioglu, Emre"]
[Result "0-1"]
[WhiteElo "1925"]
[BlackElo "2207"]
[PlyCount "94"]
[EventDate "2016.01.30"]
[EventType "swiss"]
[EventRounds "11"]
[EventCountry "TUR"]
[SourceTitle "OM OTB B 201907"]
[Source "Opening Master"]
[SourceDate "2019.07.06"]
[SourceVersion "2"]
[SourceVersionDate "2019.07.06"]
[SourceQuality "1"]

1. e4 c5 2. Nf3 Nc6 3. d4 cxd4 4. Nxd4 Nf6 5. Nc3 d6 6. Be2 e5 7. Nb3 Be7 8.
Be3 O-O 9. O-O a5 10. a3 Be6 11. Bf3 a4 12. Nd2 Nd4 13. Bxd4 exd4 14. Nd5 Nxd5
15. exd5 Bd7 16. c3 dxc3 17. bxc3 Bf6 18. Ne4 Be5 19. Qd2 Re8 20. Rab1 b5 21.
Rb4 f5 22. Ng3 Rc8 23. Rc1 Rc5 24. Ne2 Qf6 25. Nd4 h6 26. g3 Kh7 27. Qd3 Rec8
28. Nxb5 Bxb5 29. Rxb5 Rxc3 30. Rxc3 Rxc3 31. Qe2 Rxa3 32. Bh5 Rb3 33. Ra5 Rb2
34. Qd3 Bd4 35. Rxa4 Bxf2+ 36. Kf1 Qg5 37. Be2 Rd2 38. Qf3 Bd4 39. Bd3 Bc5 40.
Qxf5+ Qxf5+ 41. Bxf5+ g6 42. Be6 Rf2+ 43. Ke1 Rxh2 44. Rh4 Bf2+ 45. Kf1 Rxh4
46. gxh4 Bxh4 47. Kg2 h5 0-1